[Event "ITA-ch sf 71st"]
[Site "Acqui Terme"]
[Date "2011.07.23"]
[Round "8"]
[White "Lantini, Marco"]
[Black "Ferretti, Carlo"]
[Result "1-0"]
[WhiteElo "2179"]
[BlackElo "1995"]
[PlyCount "79"]
[EventDate "2011.07.17"]
[EventType "swiss"]
[EventRounds "9"]
[EventCountry "ITA"]
[SourceTitle "EXT 2013"]
[Source "ChessBase"]
[SourceDate "2012.11.22"]
[SourceVersion "1"]
[SourceVersionDate "2012.11.22"]
[SourceQuality "1"]

1. e4 c6 2. d4 d5 3. e5 c5 4. dxc5 Nc6 5. Nf3 Bg4 6. c3 Bxf3 7. Qxf3 e6 8. Qg3 Nge7 9. b4 Qc7 10. f4 Nf5 11. Qh3 g6 12. Bb5 b6 13. g4 Nfe7 14. Be3 Bg7 15. Nd2 0-0 16. 0-0 Rfb8 17. a4 bxc5 18. Bxc5 a6 19. Be2 Rc8 20. a5 Qb7 21. Nb3 Bf8 22. Bb6 Nb8 23. Nc5 Qc6 24. Bd1 Qb5 25. Qe3 d4 26. Qxd4 Nbc6 27. Qe4 Nxb4 28. Ba4 Qxf1+ 29. Rxf1 Nbd5 30. Rf3 Nc6 31. Bxc6 Bxc5+ 32. Bxc5 Rxc6 33. c4 Rxc5 34. cxd5 Rxd5 35. Rd3 Rad8 36. Rxd5 Rxd5 37. f5 gxf5 38. gxf5 Rd1+ 39. Kf2 exf5 40. Qxf5 1-0

[Event "Piemonte-ch"]
[Site "Turin"]
[Date "2008.04.24"]
[Round "5"]
[White "Carnino, Luca"]
[Black "Ferretti, Carlo"]
[Result "1/2-1/2"]
[WhiteElo "1849"]
[BlackElo "1963"]
[PlyCount "159"]
[EventDate "2008.04.20"]
[EventType "swiss"]
[EventRounds "9"]
[EventCountry "ITA"]
[SourceTitle "EXT 2011"]
[Source "ChessBase"]
[SourceDate "2010.11.26"]
[SourceVersion "1"]
[SourceVersionDate "2010.11.26"]
[SourceQuality "1"]

1. e4 e5 2. Nf3 Nf6 3. Nxe5 d6 4. Nf3 Nxe4 5. d4 d5 6. Bd3 Bd6 7. c4 Bb4+ 8. Nbd2 Bf5 9. Qc2 0-0 10. 0-0 Nxd2 11. Bxd2 Bxd3 12. Qxd3 dxc4 13. Qxc4 Bxd2 14. Nxd2 Nc6 15. Nf3 Qd6 16. Rac1 Rad8 17. Rfd1 Qd5 18. b4 Qxc4 19. Rxc4 Rd5 20. a4 a6 21. Kf1 Re8 22. Re1 Kf8 23. Re3 Red8 24. Rd3 R8d6 25. Ke2 b5 26. axb5 axb5 27. Rc1 Nxb4 28. Re3 Nc6 29. Rec3 Re6+ 30. Kf1 Nxd4 31. Nxd4 Rxd4 32. Rxc7 Rb6 33. Ra1 g6 34. Raa7 Rf4 35. Ra3 b4 36. Rb3 Re4 37. f3 Rh4 38. Kf2 Rxh2 39. Rc4 Rb5 40. Rbxb4 Rg5 41. Rg4 Rxg4 42. Rxg4 h5 43. Re4 Rh1 44. Re5 f6 45. Re6 Kf7 46. Rb6 Rd1 47. Ke2 Rd5 48. Kf2 Ke7 49. f4 Rd6 50. Rb5 Ke6 51. g3 Rd5 52. Rb6+ Kf5 53. Kf3 Rd3+ 54. Kg2 g5 55. fxg5 Kxg5 56. Rb4 f5 57. Kf2 Ra3 58. Kg2 Re3 59. Kf2 Re4 60. Rb3 h4 61. gxh4+ Rxh4 62. Rg3+ Kf4 63. Rf3+ Ke5 64. Re3+ Kf6 65. Kg3 Ra4 66. Re8 Rg4+ 67. Kf3 Ra4 68. Kg3 Ra1 69. Rf8+ Kg6 70. Rg8+ Kf7 71. Rd8 Ra4 72. Rd6 Re4 73. Kf3 Re6 74. Rxe6 Kxe6 75. Kf4 Kf6 76. Kf3 Ke5 77. Ke3 f4+ 78. Kf3 Kf5 79. Kf2 Ke4 80. Ke2 1/2-1/2

[Event "Piemonte-ch"]
[Site "Turin"]
[Date "2008.04.23"]
[Round "4"]
[White "Ferretti, Carlo"]
[Black "Gallucci, Alessio"]
[Result "0-1"]
[WhiteElo "1963"]
[BlackElo "2175"]
[PlyCount "84"]
[EventDate "2008.04.20"]
[EventType "swiss"]
[EventRounds "9"]
[EventCountry "ITA"]
[SourceTitle "EXT 2011"]
[Source "ChessBase"]
[SourceDate "2010.11.26"]
[SourceVersion "1"]
[SourceVersionDate "2010.11.26"]
[SourceQuality "1"]

1. f4 c5 2. Nf3 Nc6 3. e3 d5 4. d4 Bg4 5. c3 e6 6. Bd3 c4 7. Bc2 Bxf3 8. Qxf3 f5 9. Nd2 Nf6 10. 0-0 Qc7 11. Qe2 Bd6 12. Nf3 0-0 13. Ne5 Bxe5 14. fxe5 Ne4 15. Bxe4 fxe4 16. Bd2 Ne7 17. Be1 Rxf1+ 18. Kxf1 Rf8+ 19. Kg1 Nf5 20. g4 Nh6 21. Bg3 Rf3 22. Bf4 g5 23. Bxg5 Qg7 24. Bxh6 Qxh6 25. Rf1 Rxe3 26. Qf2 Rf3 27. Qe2 Qf4 28. Rxf3 exf3 29. Qf2 Kf7 30. h3 Kg6 31. Qe1 Kg5 32. Qf2 Qc1+ 33. Qf1 Qe3+ 34. Qf2 Qc1+ 35. Kh2 Kf4 36. h4 Qd1 37. g5 Qe2 38. Kg1 Kg4 39. Qxe2 fxe2 40. Kf2 Kxh4 41. Kxe2 Kxg5 42. Kf2 Kf4 0-1

[Event "Turin olympic op-A"]
[Site "Turin"]
[Date "2006.05.24"]
[Round "3"]
[White "Saccona, Silvano"]
[Black "Ferretti, Carlo"]
[Result "1/2-1/2"]
[WhiteElo "2162"]
[BlackElo "1991"]
[PlyCount "29"]
[EventDate "2006.05.22"]
[EventType "swiss"]
[EventRounds "9"]
[EventCountry "ITA"]
[SourceTitle "EXT 2011"]
[Source "ChessBase"]
[SourceDate "2010.11.26"]
[SourceVersion "1"]
[SourceVersionDate "2010.11.26"]
[SourceQuality "1"]

1. e4 e5 2. Nf3 Nf6 3. d4 Nxe4 4. Bd3 d5 5. Nxe5 Nd7 6. Nf3 Ndf6 7. 0-0 Bd6 8. c4 c6 9. Nc3 0-0 10. Qc2 Re8 11. Be3 Bg4 12. Be2 dxc4 13. Nxe4 Nxe4 14. Qxc4 Qc7 15. h3 1/2-1/2

[Event "Piemonte-ch 06"]
[Site "Turin"]
[Date "2005.12.04"]
[Round "2"]
[White "Ferretti, Carlo"]
[Black "Pulito, Alberto"]
[Result "1/2-1/2"]
[WhiteElo "2030"]
[BlackElo "2222"]
[PlyCount "84"]
[EventDate "2005.12.03"]
[EventType "swiss"]
[EventRounds "7"]
[EventCountry "ITA"]
[SourceTitle "EXT 2008"]
[Source "ChessBase"]
[SourceDate "2007.11.25"]
[SourceVersion "1"]
[SourceVersionDate "2007.11.25"]
[SourceQuality "1"]

1. d4 d5 2. e3 Nf6 3. Bd3 c5 4. c3 Nc6 5. f4 Bg4 6. Nf3 e6 7. 0-0 Be7 8. Nbd2 0-0 9. h3 Bf5 10. Qc2 Nh5 11. g4 Bxd3 12. Qxd3 Ng3 13. Rf2 f5 14. Rg2 Ne4 15. Ne5 Nxe5 16. dxe5 c4 17. Qe2 b5 18. Nf3 Bc5 19. Nd4 Bxd4 20. exd4 b4 21. Bd2 bxc3 22. Bxc3 Qb6 23. g5 a5 24. a4 Rfb8 25. Qc2 Ra7 26. Kf1 Rab7 27. Ke1 Qa7 28. Ra2 Rb3 29. h4 Qb6 30. Re2 Qa7 31. h5 Qb6 32. h6 Rxc3 33. bxc3 Qb1+ 34. Qd1 Nxc3 35. Qxb1 Rxb1+ 36. Kf2 Nxa2 37. Rxa2 gxh6 38. gxh6 Kf7 39. Kg3 Rb3+ 40. Kh4 Rf3 41. Rb2 Kg6 42. Rg2+ Kxh6 1/2-1/2